Alborada I (poesía)

שמור ב:
מידע ביבליוגרפי
מחבר ראשי: Bazante Chiriboga, Ruth; Izquierdo, Isabel; Martínez Rosero, Sonia
פורמט: ספר
שפה:Undetermined
יצא לאור: Quito, Ecuador Técnica Moderna 1980
נושאים:
תגים: הוספת תג
אין תגיות, היה/י הראשונ/ה לתייג את הרשומה!

MARC

LEADER 00000nam a2200000Ia 4500
008 170316s9999 xx 000 0 und d
040 |a cru BVZT 
090 |a 860 B-16a v.1 
100 |a Bazante Chiriboga, Ruth; Izquierdo, Isabel; Martínez Rosero, Sonia.  |9 1758 
245 |a Alborada I (poesía)  |c / Bazante Chiriboga, Ruth; Izquierdo, Isabel; Martínez Rosero, Sonia 
260 |a Quito, Ecuador 
260 |b Técnica Moderna 
260 |c 1980 
300 |a 117 páginas 
650 |a LITERATURA LATINOAMERICANA  |9 15 
999 |c 8382  |d 8382 
942 |c 15 D  |h 860 B-16a v.1  |2 z